| 000 | 00996nam a2200253 a 4500 | ||
|---|---|---|---|
| 001 | 000023962 | ||
| 005 | 20200930022614.0 | ||
| 008 | 110117s1984 sp 000 0 spa d | ||
| 020 | _a8427606876 | ||
| 040 |
_aDO-SdBNP _bspa _cBNPHU |
||
| 082 |
_ann* _bnn* |
||
| 100 | 1 |
_aWilhelm Leibniz, Gottfried. _949294 |
|
| 245 | 1 | 0 |
_aEscritos de filosofía jurídica y política / _cGottfried Wilhelm Leibniz ; edicion Jaime de Salas Ortueta ; traducción José Ma. Atencia Páez. |
| 260 |
_aMadrid : _bNacional, _c1984. |
||
| 300 |
_a553, [23] p. ; _c21 cm. |
||
| 490 | 1 |
_aClasicos para una biblioteca contemporanea. Pensamiento _v34 |
|
| 500 | _aIncluye referencias bibliográficas y notas al pie de las páginas. | ||
| 500 | _aIncluye índice. | ||
| 504 | _aBibliografía : [547-553] p. | ||
| 700 | 1 |
_aSalas Ortueta, Jaime de, _eed. _949295 |
|
| 700 | 1 |
_aAtencia Páez, José Maria, _etr. _949296 |
|
| 830 | 0 |
_aClasicos para una biblioteca contemporanea. _pPensamiento, _v34 _918430 |
|
| 049 | _aBNGR | ||
| 999 |
_c23458 _d23458 |
||